Normal view
MARC view
Entry Personal Name
001 - CONTROL NUMBER
- control field: 63444
003 - CONTROL NUMBER IDENTIFIER
- control field: dpl
005 - DATE AND TIME OF LATEST TRANSACTION
- control field: 20240315154503.0
008 - FIXED-LENGTH DATA ELEMENTS
- fixed length control field: 240315|| aca||aabn | a|a d
040 ## - CATALOGING SOURCE
- Original cataloging agency: dpl
- Transcribing agency: dpl
100 ## - HEADING--PERSONAL NAME
- Personal name: दिवाकर, रुजुता
670 ## - SOURCE DATA FOUND
- Source citation: Work cat.: (dpl)200800: दिवाकर, रुजुता , ईटिंग इन द एज ऑफ़ डाइटिंग /, 2023
